Postmodernism and contemporary India english novel : (Record no. 38358)

MARC details
000 -LEADER
fixed length control field 00813nam a22002057a 4500
005 - DATE AND TIME OF LATEST TRANSACTION
control field 20100731104330.0
010 ## - LCCN (DPL NO)
LC control number ENG-97488
020 ## - INTERNATIONAL STANDARD BOOK NUMBER
International Standard Book Number 9788190712378
Terms of availability 700.00
035 ## - SYSTEM CONTROL NUMBER
System control number EN-81021
037 ## - SOURCE OF ACQUISITION
Source of stock number/acquisition DBAD/PUB
082 ## - DEWEY DECIMAL CLASSIFICATION NUMBER
Classification number 883.09
100 ## - MAIN ENTRY--PERSONAL NAME
Personal name Wakchaure, Suresh. D
245 ## - TITLE STATEMENT
Title Postmodernism and contemporary India english novel :
Remainder of title (a study of G. V. Desani and allan sealy) /
Statement of responsibility, etc by Suresh. D. Wakchaure
260 ## - PUBLICATION, DISTRIBUTION, ETC. (IMPRINT)
Place of publication, distribution, etc Kanpur
Name of publisher, distributor, etc Bhasker Publications
Date of publication, distribution, etc 2009
270 ## - ADDRESS
Address 73, Mangla Vihar-II, Behind Anoop Hospital
City Kanpur
Postal code 208015
300 ## - PHYSICAL DESCRIPTION
Extent 284p.
Dimensions 22cm (Hb)
650 ## - SUBJECT ADDED ENTRY--TOPICAL TERM
Topical term or geographic name as entry element English litracy criticism
942 ## - ADDED ENTRY ELEMENTS (KOHA)
Source of classification or shelving scheme Dewey Decimal Classification
Item type English Books
Classification part 883.09
Call number suffix WAK
Holdings
Withdrawn status Lost status Not for loan Collection code Home library Current library Date acquired Source of acquisition Cost, normal purchase price Full call number Barcode Copy number Cost, replacement price Koha item type
    Not For Loan Non-fiction D.B.Act.Division D.B.Act.Division 31/07/2010 DBAD/PUB 700.00 883.09 WAK EN-81021 1 700.00 English Books

© Delhi Public Library
Hit Counter
free hit counter